Bahubali: before the beginning -book 3 (Record no. 229031)

MARC details
000 -LEADER
fixed length control field 02661nam a22002057a 4500
005 - DATE AND TIME OF LATEST TRANSACTION
control field 20231026160419.0
008 - FIXED-LENGTH DATA ELEMENTS--GENERAL INFORMATION
fixed length control field 231026b ||||| |||| 00| 0 eng d
020 ## - INTERNATIONAL STANDARD BOOK NUMBER
International Standard Book Number 9789357766470
040 ## - CATALOGING SOURCE
Transcribing agency AL
041 ## - LANGUAGE CODE
Language code of text/sound track or separate title eng
082 ## - DEWEY DECIMAL CLASSIFICATION NUMBER
Edition number 23
Classification number 820.33
Item number NEEB
100 ## - MAIN ENTRY--PERSONAL NAME
Personal name Anand Neelakantan
9 (RLIN) 139599
245 ## - TITLE STATEMENT
Title Bahubali: before the beginning -book 3
260 ## - PUBLICATION, DISTRIBUTION, ETC.
Place of publication, distribution, etc. Chennai
Name of publisher, distributor, etc. Westland Publications
Date of publication, distribution, etc. 2023
300 ## - PHYSICAL DESCRIPTION
Extent xxii,531p.
Other physical details PB
Dimensions 20x12cm.
365 ## - TRADE PRICE
Source of price type code General
Price type code BLCR-000056
Price amount ₹594.00
Currency code
Unit of pricing ₹699.00
Price note 17/10/2023
520 ## - SUMMARY, ETC.
Summary, etc. A FITTING DENOUEMENT TO THE BĀHUBALI TRILOGY, THIS BOOK IS AN EMOTIONAL FINALE TO THE GRIPPING THREE-PART TALE.Sivagami’s missteps have only deepened her determination to fulfil her father’s wish and stop the despicable activities at Gauriparvat. And so she battles on. Unknown to her, however, Maharaja Somadeva’s challengers have begun to close in on the king, and Sivagami finds herself suddenly at a disadvantage. With a player like Somadeva, though, the biggest mistake you can make is to not immediately checkmate and destroy. The game of chaturanga is not quite over. As Sivagami takes on the kingdom’s enemies, guided by Somadeva, she finds in her own manoeuvres an echo of the man she has always detested. In her journey to becoming the queen of Mahishmathi, Sivagami must choose between love and ambition, principles and deviousness, selflessness and envy. What does she hold on to, what does she let go? A thrilling, breathless read, Queen of Mahishmathi is the third and final book in the Bāhubali: Before the Beginning series.Anand Neelakantan is the bestselling author of Asura: Tale of the Vanquished, which told the story of the Ramayana from Ravana’s unique perspective. He followed it up with the hugely successful Ajaya series. Ajaya Book I: Roll of the Dice and Ajaya Book II: Rise of Kali narrated the Mahabharata from Duryodhana’s point of view. Both Asura: Tale of the Vanquished and Ajaya Book I: Roll of the Dice have been nominated for the Crossword Popular Choice Awards in 2013 and 2014 respectively.Anand has also written the screenplays for various popular TV shows, including Star TV’s mega series Siya Ke Ram, Sony TV’s Mahabali Hanuman and Colours TV’s Chakravartin Samrat Ashoka. He has also written for major newspapers such as The Hindu, The Times of India and The Indian Express. Besides English, he also writes in Malayalam and has published stories as well cartoons in various Malayalam magazines.He lives in Mumbai with his wife Aparna, daughter Ananya, son Abhinav, and pet dog Jackie the Blackie.
650 ## - SUBJECT ADDED ENTRY--TOPICAL TERM
Source of heading or term English
Topical term or geographic name entry element English literatures
9 (RLIN) 139600
942 ## - ADDED ENTRY ELEMENTS (KOHA)
Source of classification or shelving scheme Dewey Decimal Classification
Koha item type Book
Holdings
Withdrawn status Lost status Source of classification or shelving scheme Damaged status Not for loan Collection code Home library Current library Date acquired Source of acquisition Cost, normal purchase price Total Checkouts Full call number Barcode Date last seen Date last checked out Cost, replacement price Price effective from Koha item type
    Dewey Decimal Classification     General St Aloysius PG Library St Aloysius PG Library 10/25/2023 Nava Karnataka Publications Private Limited 594.00 1 820.33 NEEB PG024431 07/23/2025 07/23/2025 699.00 10/26/2023 Book